| 000 | 00625nam a2200253Ia 4500 | ||
|---|---|---|---|
| 003 | OSt | ||
| 005 | 20220912150340.0 | ||
| 006 | a|||||r|||| 00| 0 | ||
| 007 | ta | ||
| 008 | 220909b |||||||| |||| 00| 0 eng d | ||
| 024 | _a55540 | ||
| 037 | _cTextual | ||
| 040 |
_aCSL _beng _cCSL |
||
| 041 | _aeng | ||
| 082 | _aL:433, K9 | ||
| 100 | _aJellison William L | ||
| 245 | 0 | _aAdiaspiromycosis | |
| 260 |
_aMontana _bMountain Press _c1969 |
||
| 300 |
_axvi, 99p. _ccm. |
||
| 650 | _a Diseases | ||
| 650 | _aMedicine | ||
| 942 |
_hL:433, K9 _cTEXL _2CC |
||
| 999 |
_c45523 _d45523 |
||